000
00340nam a2200145Ia 4500
005
20251222152041.0
008
251222s9999||||xx |||||||||||||| ||spa||
020
_a
8448131967
082
_a
330.1/M67
100
_a
Mochón Morcillo, Francisco
245
0
_a
Principios de economía
250
_a
2a.ed.
264
_b
UNESCO
942
_c
LIB
999
_c
26053
_d
26053